| 000 | 00509nam a2200181Ia 4500 | ||
|---|---|---|---|
| 008 | 230917s9999||||xx |||||||||||||| ||und|| | ||
| 020 | _cRS689 | ||
| 040 |
_e222345 _aMAIN |
||
| 041 | _aEnglish | ||
| 082 | _a005.82 S82A(2) | ||
| 100 | _aSchneier, Bruice | ||
| 245 | 0 | _aApplied cryptography: Protocols, Algorithms and source code in C | |
| 250 | _a2nd ed. | ||
| 260 |
_aNew Delhi _bWiley India _c2013 |
||
| 300 | _axxiii, 758 p. | ||
| 500 | _a1812 09/01/2015 HBD6390 13/03/2015 Main Budget | ||
| 942 | _cBK | ||
| 999 |
_c13495 _d13495 |
||